Dressing Victorian : being a brief overview of women's Victorian clothing in Texas, 1837-1900 ; with notes on recreation of the styles /

Bibliographic Details
Main Author: Puryear, Pamela Ashworth, 1943-
Format: Book
Language:English
Published: Brenham, Tex. : Herrmann Print Shop, [1987]
Subjects:

MARC

Tag First Indicator Second Indicator Subfields
LEADER 00000cam a2200000 a 4500
001 in00000007646
005 20190207093336.0
008 880203s1987 txua 00010 eng d
035 |a (OCoLC)17424845 
035 |9 AAA2143AM 
040 |a TXK  |c TXK  |d TXA  |d UtOrBLW 
049 |a TXAM [Also in] [Sp Coll]  |c 1 [A11182406]  |a TXAS  |c 2 [A09887529] 
050 4 |a GT617.T4  |b P87 1987 
100 1 |a Puryear, Pamela Ashworth,  |d 1943- 
245 1 0 |a Dressing Victorian :  |b being a brief overview of women's Victorian clothing in Texas, 1837-1900 ; with notes on recreation of the styles /  |c by Pamela Ashworth Puryear. 
264 1 |a Brenham, Tex. :  |b Herrmann Print Shop,  |c [1987] 
264 4 |c ©1987 
300 |a viii, 79 pages :  |b illustrations ;  |c 28 cm. 
336 |a text  |b txt  |2 rdacontent 
337 |a unmediated  |b n  |2 rdamedia 
338 |a volume  |b nc  |2 rdacarrier 
500 |a The Cushing Library/Chapman Texas Collection copy is part of the Floyd & Louise Chapman Texas & Borderlands Collection.  |5 TXA 
650 0 |a Costume  |z Texas  |x History  |y 19th century. 
651 0 |a Texas  |x Social life and customs. 
999 |a MARS 
999 f f |s 10aa547e-da79-33bf-8147-47c7feb6b0a8  |i bb7da091-94ed-3b9b-9f22-58160831e894  |t 0 
952 f f |p noncirc  |a Texas A&M University  |b College Station  |c Cushing Memorial Library & Archives  |d Cushing: Chapman Texas Collection (Does not check out)  |t 0  |e GT617.T4 P87 1987  |h Library of Congress classification  |i unmediated -- volume  |m A14809887529 
998 f f |a GT617.T4 P87 1987  |t 0  |l Cushing: Chapman Texas Collection (Does not check out)